Obálka Náhled e-knihy:
PDF Epub
Pro půjčování e-knih musíte být přihlášeni.
Jak si půjčit online?

Wavesbury. Hostina darebáků /

Sedmá kniha historické ságy se odehrává převážně na britských ostrovech na sklonku 18. století.

Uloženo v:
Série:Wavesbury, část 7
Hlavní autor: Návara, David, 1981- (Autor)
Médium: E-kniha
Jazyk:Czech
Vydáno: [Praha] : Jonathan Livingston, 2025
Témata:
Příbuzné jednotky:Z cyklu:: Wavesbury
Tagy:
Žádné tagy
LEADER 02661nam a2200409 i 4500
001 312729
003 CZ PrSKC
005 20260601215727.0
007 ta
008 250430s2025 xr g 000 f cze
015 |a cnb003683950 
020 |a 9788075513687  |q (vázáno) 
035 |a (OCoLC)1527577926 
040 |a ABG001  |b cze  |d BOA001  |e rda 
072 7 |a 821.162.3-3  |x Česká próza  |2 Konspekt 
080 |a 821.162.3-31  |2 MRF 
080 |a (0:82-311.6)  |2 MRF 
100 1 |a Návara, David,  |d 1981-  |7 xx0236022  |4 aut 
245 1 0 |a Wavesbury.  |p Hostina darebáků /  |c David Návara 
246 3 0 |a Hostina darebáků 
264 1 |a [Praha] :  |b Jonathan Livingston,  |c 2025 
300 |a 715 stran ;  |c 21 cm 
336 |a text  |b txt  |2 rdacontent 
337 |a bez média  |b n  |2 rdamedia 
338 |a svazek  |b nc  |2 rdacarrier 
520 2 |a Sedmá kniha historické ságy se odehrává převážně na britských ostrovech na sklonku 18. století.  |b V držení Wavesburyho dcery Margaret se shodou náhod ocitne tajemný dokument, o který se zajímají jak agenti Francouzské republiky, tak vůdce londýnského podsvětí známý jako Lazarus. Margaret se ocitá v nebezpečí a celá rodina se musí spojit. Krví nasáklé Cullodenské vřesoviště. Místo, kde byl za jedinou hodinu zpečetěn osud skotského národa, ale také se poprvé jako nepřátelé střetli dva budoucí přátelé. Hrabě Wavesbury zavzpomíná nejen na bitvu samou, ale také na následující události, díky kterým se jeho budoucnost navždy spojila s rodinou MacDermottů. Markýz Gérald je vydírán, aby pomohl rozkrýt síť francouzských špiónů, svých bývalých kolegů. Ve stejný čas z Kanady přijíždí muž, který se prohlašuje za Wavesburyho příbuzného. Nepřátelé se pokusí zneužít rodinných zmatků, aby se zbavili všech najednou. Ale Wavesburyovi neumírají snadno. Nakladatelská anotace. Kráceno. 
546 |a Český text 
655 7 |a české romány  |7 fd133974  |2 czenas 
655 7 |a historické romány  |7 fd132414  |2 czenas 
655 9 |a Czech fiction  |2 eczenas 
655 9 |a historical novels  |2 eczenas 
787 0 8 |i Z cyklu:  |t Wavesbury  |g 7 
900 |a ABA001  |b 21 
044 |a xr 
910 |a RBIT002 
998 |d 420494  |a https://core.palmknihy.cz/api/books/420494/cover?swgckm  |b https://core.palmknihy.cz/api/books/420494/cover/400?swgckm  |c https://core.palmknihy.cz/api/books/420494/cover/50?swgckm  |e 2030-12-31  |g 728  |i 9788075513687  |j https://core.palmknihy.cz/api/books/420494/preview.epub  |k https://core.palmknihy.cz/api/books/420494/preview.pdf  |l   |q 49  |r 1  |s https://www.palmknihy.cz/kniha/420494  |t ebook  |y 2025  |z 0  |v Wavesbury  |w 7 
999 |d 312727